| 000 | 00772nam a2200217 i 4500 | ||
|---|---|---|---|
| 001 | 156079 | ||
| 003 | ES-MaACL | ||
| 005 | 20250830054359.0 | ||
| 008 | 150430s1977 sp |||| | spa d | ||
| 020 | _a84-220-0818-1 | ||
| 080 | _a23(460)"16"(091) | ||
| 100 | 1 |
_aAndrés, Melquiades. _921581 |
|
| 245 | 1 | 3 |
_aLa teología española en el siglo XVI. _nII, _pMovimientos teológicos, escuelas y autores / _cpor Melquiades Andrés. |
| 260 |
_aMadrid : _bLa Editorial Católica, _c1977. |
||
| 300 |
_aVIII, 669 p. ; _c23 cm. |
||
| 490 | 1 |
_aBiblioteca de Autores Cristianos. Maior ; _v14 |
|
| 650 | 4 |
_aTeología- _zEspaña _917459 |
|
| 830 | 0 | 0 |
_aBiblioteca de autores cristianos. _pMaior _v14 _9188045 |
| 852 |
_aES-MaACL _jE-15592 |
||
| 999 |
_c156079 _d156079 |
||